| 000 | 00998nmc a2200349 a 4500 | ||
|---|---|---|---|
| 003 | AR-BaBNM | ||
| 005 | 20251128204826.0 | ||
| 008 | 011101s1978 ||||||||||||||000 | spa|| | ||
| 040 | _cAR-BaBNM | ||
| 100 | 1 | _aVázquez-Presedo, Vicente | |
| 245 | 1 | 0 |
_aCrisis y retraso _bArgentina y la economía internacional entre las dos guerras |
| 260 |
_aBuenos Aires _bEudeba _c1978 |
||
| 300 | 0 |
_a301 p. _btablas, cuadros, gráfs. |
|
| 490 | 0 | _aTemas | |
| 500 | 0 | _aEdición revisada por el autor | |
| 504 | _aContiene bibliografía al finalizar cada parte | ||
| 650 | 4 | _aSISTEMAS ECONOMICOS INTERNACIONALES | |
| 650 | 4 | _aECONOMIA INTERNACIONAL | |
| 650 | 4 | _aGUERRAS MUNDIALES | |
| 650 | 4 | _aHISTORIA ECONOMICA | |
| 650 | 4 | _aHISTORIA ARGENTINA | |
| 650 | 4 | _aGUERRAS MUNDIALES | |
| 651 | 4 | _aReino Unido | |
| 651 | 4 | _aItalia | |
| 651 | 4 | _aEstados Unidos | |
| 651 | 4 | _aEspaña | |
| 651 | 4 | _aArgentina | |
| 651 | 4 | _aAlemania | |
| 653 | 0 | _aPOSTGUERRA | |
| 942 | _cBK | ||
| 998 | _cmariana | ||
| 999 |
_c8963 _d8963 |
||